000 00313nam a22001217a 4500
008 230621b xxu||||| |||| 00| 0 eng d
082 _a328
_bASP
245 _aLegislative Studies
260 _aAustralia
_bAustralasian Study of Parliament Group
300 _aII,113p
440 _n1
_v10
_x08169152
942 _2ddc
_cBK
999 _c1996
_d1996